000 00795nam a2200217Ia 4500
005 20170802140821.0
010 _aBAC-CH25
020 _a9780143331957
_c125.00
035 _aB-555114-149
035 _aB-667186
037 _bAakar/Ven
082 _aS
100 _aPattanaik, Devdutt
245 _aFan in Devlok: Kama Vs Yama /
_cBy Devdutt Pattanaik
260 _aNew delhi
_bPuffin Books
_c2011
300 _a51p.:
_bill.
_c20cm(pbk)
942 _cCH
_2ddc
_mPAT
_hS
999 _c85624
_d85624